<?xml version="1.0" encoding="UTF-8"?>
<collection xmlns="http://www.loc.gov/MARC21/slim">
 <record>
  <leader>00437pamaa2200145   4500</leader>
  <controlfield tag="001">0000040071</controlfield>
  <controlfield tag="005">20091104090000.0</controlfield>
  <datafield tag="020" ind1="0" ind2="0">
   <subfield code="a">9831041089 (pbk.) </subfield>
  </datafield>
  <datafield tag="090" ind1="0" ind2="0">
   <subfield code="a">LC4801 </subfield>
   <subfield code="b">HOW</subfield>
  </datafield>
  <datafield tag="245" ind1="1" ind2="0">
   <subfield code="a">HOW school affects your kids  </subfield>
   <subfield code="c">CAP.</subfield>
  </datafield>
  <datafield tag="260" ind1="0" ind2="0">
   <subfield code="a">Penang: </subfield>
   <subfield code="b">Thinking CAP.</subfield>
  </datafield>
  <datafield tag="300" ind1=" " ind2=" ">
   <subfield code="a">67p; </subfield>
   <subfield code="c">16 cm.</subfield>
  </datafield>
  <datafield tag="440" ind1="0" ind2="0">
   <subfield code="a">A series rethinking modern living and society</subfield>
  </datafield>
  <datafield tag="650" ind1="0" ind2="0">
   <subfield code="a">Problem children -- </subfield>
   <subfield code="x">Behavior modification </subfield>
  </datafield>
  <datafield tag="650" ind1="0" ind2="0">
   <subfield code="a">Problem children -- </subfield>
   <subfield code="x">Education </subfield>
  </datafield>
 </record>
</collection>
